| 000 | 01404cam a22003857a 4500 | ||
|---|---|---|---|
| 003 | CHAP | ||
| 005 | 20220329142213.0 | ||
| 008 | 000215d1999 mx b r 00110 spa d | ||
| 010 | _a79872 | ||
| 011 | _a80844 | ||
| 035 | _a91298 | ||
| 040 | _cCHAP | ||
| 090 | _aTesis | ||
| 100 | 0 | 0 |
_aVillamil Pérez, Julio Tomás. _9119478 |
| 245 | 1 | 0 |
_aAnálisis de las características de diseño de redes de conducción de agua para riego _c/por Julio Tomás Villamil Pérez |
| 260 |
_aChapingo, Méx. : _bEl autor, _c1999. |
||
| 300 |
_a99 h. : _bgráfs. ; mapas ; tablas |
||
| 502 | _aTesis (Ing. Agr. Esp. en Irrigación) -- UACH. Departamento de irrigación | ||
| 590 |
_aALEPH _b10 _c20130110 _lUCH01 _h1433 |
||
| 590 |
_aBATCH-UPD _b10 _c20130110 _lUCH01 _h0722 |
||
| 590 |
_aBATCH-UPD _b10 _c20130410 _lUCH01 _h0406 |
||
| 590 |
_aBATCH-UPD _b10 _c20130914 _lUCH01 _h1208 |
||
| 590 |
_aCONVERSION _b10 _c20130109 _lUCH01 _h1344 |
||
| 650 | 1 | 4 |
_aAgua para irrigacion. _92430 |
| 650 | 1 | 4 |
_aDistrito de Riego La Begoña, Gto. _932896 |
| 650 | 1 | 4 |
_aIrrigación _xGuanajuato. _960412 |
| 650 | 1 | 4 |
_aRiego de superficie. _997372 |
| 650 | 1 | 4 |
_aTuberías. _9115476 |
| 901 | _aBK | ||
| 905 | _aGuadalupe Pinto C. | ||
| 942 | _cFOLL | ||
| 949 |
_bBC _cTES _d33724000727848 _eTS2 _fc.2 _h34412 _i91298 _sb |
||
| 949 |
_bBC _cTES _d33724000762852 _eTS2 _fc.3 _h35955 _i91298 _sb |
||
| 949 |
_bBC _cTES _d912981 _eTS1 _h34411 _i91298 _sb |
||
| 999 |
_c79872 _d79872 |
||